[Event "SVK-chT2B 2122"]
[Site "Slovakia"]
[Date "2022.03.26"]
[Round "8.2"]
[White "Rucek, Kristian"]
[Black "Beres, Lukas"]
[Result "1-0"]
[WhiteElo "2132"]
[BlackElo "2060"]
[PlyCount "75"]
[EventDate "2021.10.16"]
[EventType "team-tourn"]
[EventRounds "11"]
[EventCountry "SVK"]
[SourceTitle "EXT 2023"]
[Source "ChessBase"]
[SourceDate "2022.10.05"]
[SourceVersion "1"]
[SourceVersionDate "2022.10.05"]
[SourceQuality "1"]
[WhiteTeam "Belusa"]
[BlackTeam "Tlmace"]
[WhiteTeamCountry "SVK"]
[BlackTeamCountry "SVK"]

1. d4 c6 2. c4 d6 3. Nf3 Nd7 4. Nc3 Ngf6 5. e4 e5 6. Be2 Be7 7. 0-0 0-0 8. Qc2 Re8 9. h3 Qc7 10. Be3 Nf8 11. Rfd1 h6 12. b4 a5 13. b5 Bd7 14. b6 Qb8 15. Rd2 Ne6 16. Rad1 Bc8 17. Na4 c5 18. dxe5 dxe5 19. Nc3 Nd4 20. Bxd4 exd4 21. Nd5 Bd8 22. Qa4 Re6 23. e5 Nd7 24. Rb1 Nxe5 25. Nxe5 Qxe5 26. Bg4 Rc6 27. Re2 Qd6 28. Bxc8 Raxc8 29. Qxa5 Qd7 30. Qb5 Ra8 31. a4 Bg5 32. a5 Qf5 33. Rbe1 d3 34. Ra2 d2 35. Rxd2 Bxd2 36. Ne7+ Kh7 37. Nxf5 Bxe1 38. Qxc6 1-0

[Event "SVK-chT1W 1920"]
[Site "Slovakia"]
[Date "2020.06.21"]
[Round "11.5"]
[White "Beres, Lukas"]
[Black "Zetocha, Adrian"]
[Result "1-0"]
[WhiteElo "2066"]
[BlackElo "2073"]
[PlyCount "82"]
[EventDate "2019.10.12"]
[EventType "team-tourn"]
[EventRounds "11"]
[EventCountry "SVK"]
[SourceTitle "EXT 2022"]
[Source "ChessBase"]
[SourceDate "2021.10.06"]
[SourceVersion "1"]
[SourceVersionDate "2021.10.06"]
[SourceQuality "1"]
[WhiteTeam "Nitra NSK"]
[BlackTeam "Bratislava Slovan II"]
[WhiteTeamCountry "SVK"]
[BlackTeamCountry "SVK"]

1. e4 c6 2. d4 d5 3. Nd2 dxe4 4. Nxe4 Nd7 5. Nf3 Ngf6 6. Ng3 g6 7. Bc4 Bg7 8. 0-0 0-0 9. c3 Qc7 10. Re1 e6 11. Qe2 b5 12. Bb3 Bb7 13. a4 bxa4 14. Bxa4 c5 15. dxc5 Nxc5 16. Bc2 Nd5 17. Ne5 a5 18. f4 Rfc8 19. Bd2 Ba6 20. c4 f6 21. Bxa5 Qa7 22. Qf2 fxe5 23. cxd5 exf4 24. Ne4 exd5 25. Nc3 Bd3 26. Nxd5 Bxc2 27. Ne7+ Kh8 28. Nxc8 Rxc8 29. Bb4 Qd7 30. Bxc5 Rxc5 31. Ra8+ Rc8 32. Rxc8+ Qxc8 33. Rc1 Qa8 34. Qxc2 Bd4+ 35. Kh1 f3 36. Qc8+ Qxc8 37. Rxc8+ Kg7 38. b3 f2 39. Rc1 Kf6 40. g3 Ke5 41. Kg2 Ke4 1-0

[Event "SVK-chT2B 1920"]
[Site "Slovakia"]
[Date "2019.12.14"]
[Round "5.4"]
[White "Lecky, Juraj"]
[Black "Beres, Lukas"]
[Result "1/2-1/2"]
[WhiteElo "2066"]
[BlackElo "2072"]
[PlyCount "43"]
[EventDate "2019.10.26"]
[EventType "team-tourn"]
[EventRounds "11"]
[EventCountry "SVK"]
[SourceTitle "CBM 194 Extra"]
[Source "ChessBase"]
[SourceDate "2020.03.31"]
[SourceVersion "1"]
[SourceVersionDate "2020.03.31"]
[SourceQuality "1"]
[WhiteTeam "Levice"]
[BlackTeam "Tlmace"]
[WhiteTeamCountry "SVK"]
[BlackTeamCountry "SVK"]

1. Nf3 c5 2. c4 g6 3. g3 Bg7 4. Bg2 Nf6 5. 0-0 0-0 6. Nc3 d6 7. d4 cxd4 8. Nxd4 Nbd7 9. b3 Rb8 10. Bb2 a6 11. Qd2 Nc5 12. Rad1 Bd7 13. b4 Ne6 14. Nd5 Nxd5 15. cxd5 Nxd4 16. Bxd4 Bxd4 17. Qxd4 Bb5 18. Bf3 Rc8 19. Rc1 Qd7 20. Qf4 Rxc1 21. Rxc1 Rc8 22. Kg2 1/2-1/2

[Event "SVK-chT1W 1920"]
[Site "Slovakia"]
[Date "2019.12.08"]
[Round "6.7"]
[White "Beres, Lukas"]
[Black "Capak, Stefan"]
[Result "1-0"]
[WhiteElo "2074"]
[BlackElo "1934"]
[PlyCount "71"]
[EventDate "2019.10.12"]
[EventType "team-tourn"]
[EventRounds "11"]
[EventCountry "SVK"]
[SourceTitle "CBM 193 Extra"]
[Source "ChessBase"]
[SourceDate "2020.01.31"]
[SourceVersion "1"]
[SourceVersionDate "2020.01.31"]
[SourceQuality "1"]
[WhiteTeam "Nitra NSK"]
[BlackTeam "Povazska Bystrica"]
[WhiteTeamCountry "SVK"]
[BlackTeamCountry "SVK"]

1. e4 c5 2. Nf3 d6 3. c3 Nf6 4. Bd3 Nc6 5. 0-0 g6 6. Re1 Bg7 7. h3 0-0 8. Bf1 b6 9. d4 cxd4 10. cxd4 e6 11. Nc3 Bb7 12. Be3 Rc8 13. Rc1 a6 14. Qe2 b5 15. a3 Na5 16. Nd2 Nc4 17. Nxc4 Rxc4 18. f3 Rc8 19. Qd2 Nd7 20. a4 b4 21. Na2 a5 22. Bb5 d5 23. e5 Qe7 24. Bg5 f6 25. Bh4 Nb8 26. Rxc8 Rxc8 27. Nc1 g5 28. exf6 Qxf6 29. Bf2 Nc6 30. Nb3 Rb8 31. Nc5 Qf7 32. Nxe6 h6 33. Nxg7 Kxg7 34. Qe3 Rd8 35. Bg3 Qf6 36. Bxc6 1-0

[Event "SVK-chT1W 1920"]
[Site "Slovakia"]
[Date "2019.12.07"]
[Round "5.5"]
[White "Beres, Lukas"]
[Black "Gasa, Patrik"]
[Result "0-1"]
[WhiteElo "2074"]
[BlackElo "2164"]
[PlyCount "154"]
[EventDate "2019.10.12"]
[EventType "team-tourn"]
[EventRounds "11"]
[EventCountry "SVK"]
[SourceTitle "CBM 193 Extra"]
[Source "ChessBase"]
[SourceDate "2020.01.31"]
[SourceVersion "1"]
[SourceVersionDate "2020.01.31"]
[SourceQuality "1"]
[WhiteTeam "Nitra NSK"]
[BlackTeam "Osuske"]
[WhiteTeamCountry "SVK"]
[BlackTeamCountry "SVK"]

1. e4 c5 2. Nf3 e6 3. c3 d5 4. exd5 Qxd5 5. Na3 Nf6 6. d4 Be7 7. Nc2 0-0 8. Be2 Nc6 9. 0-0 b6 10. Bf4 Bb7 11. Re1 Rfd8 12. Bf1 h6 13. Qc1 Rac8 14. h3 Qf5 15. dxc5 Bxc5 16. Be3 Ne7 17. Ncd4 Qg6 18. Ne5 Qh5 19. Ndf3 Ng6 20. Bxc5 Rxc5 21. Qe3 Nxe5 22. Nxe5 Nd5 23. Qd4 Rcc8 24. Qe4 Ba8 25. Qa4 f6 26. Nd3 Bc6 27. Qb3 Qf7 28. Rad1 e5 29. Nb4 Nxb4 30. Qxb4 Kh8 31. b3 e4 32. Ba6 Rb8 33. Rd6 Qc7 34. Red1 Rxd6 35. Qxd6 Qxd6 36. Rxd6 Bb7 37. Bc4 Kh7 38. Kf1 Kg6 39. Rd7 a6 40. a4 b5 41. axb5 axb5 42. Bf7+ Kf5 43. Rc7 Ke5 44. Bg6 Bd5 45. Ke2 Bxb3 46. Re7+ Be6 47. Bxe4 f5 48. Bd3 Kf6 49. Rc7 Rb6 50. Rc5 b4 51. cxb4 Rxb4 52. Rc6 g5 53. Rc5 h5 54. Rb5 Ra4 55. Rb8 h4 56. Rh8 Rb4 57. Rh6+ Ke5 58. Rh5 Kf4 59. g3+ hxg3 60. fxg3+ Kxg3 61. Rxg5+ Kf4 62. Rg6 Rb2+ 63. Ke1 Bd5 64. Be2 Bf3 65. Bd3 Rh2 66. Rf6 Be4 67. Bxe4 Kxe4 68. Re6+ Kf3 69. Rh6 f4 70. h4 Rh1+ 71. Kd2 Kf2 72. h5 f3 73. Rh8 Kg2 74. Rg8+ Kf1 75. Ke3 f2 76. Rg5 Ke1 77. Rb5 Rh3+ 0-1

[Event "SVK-chT1W 1819"]
[Site "Slovakia"]
[Date "2019.01.13"]
[Round "6.5"]
[White "Beres, Lukas"]
[Black "Sukuba, Zdeno"]
[Result "1/2-1/2"]
[WhiteElo "2074"]
[BlackElo "2158"]
[PlyCount "34"]
[EventDate "2018.10.27"]
[EventType "team-tourn"]
[EventRounds "11"]
[EventCountry "SVK"]
[SourceTitle "CBM 188 Extra"]
[Source "ChessBase"]
[SourceDate "2019.02.26"]
[SourceVersion "1"]
[SourceVersionDate "2019.02.26"]
[SourceQuality "1"]
[WhiteTeam "Nitra NSK"]
[BlackTeam "Dubnica nad Vahom II"]
[WhiteTeamCountry "SVK"]
[BlackTeamCountry "SVK"]

1. e4 c6 2. d4 d5 3. e5 Bf5 4. c3 e6 5. Nd2 c5 6. Bb5+ Nc6 7. Ne2 a6 8. Bxc6+ bxc6 9. dxc5 Bxc5 10. Nb3 Bb6 11. Nbd4 Bxd4 12. Nxd4 Ne7 13. Bg5 Qd7 14. Bxe7 Qxe7 15. Qa4 0-0 16. Qxc6 Qg5 17. Nxf5 Qxf5 1/2-1/2

[Event "SVK-chT1W 1819"]
[Site "Slovakia"]
[Date "2018.10.28"]
[Round "2.5"]
[White "Beres, Lukas"]
[Black "Barczi, Viktor"]
[Result "1-0"]
[WhiteElo "2103"]
[BlackElo "1867"]
[PlyCount "91"]
[EventDate "2018.10.27"]
[EventType "team-tourn"]
[EventRounds "11"]
[EventCountry "SVK"]
[SourceTitle "CBM 187 Extra"]
[Source "ChessBase"]
[SourceDate "2018.11.04"]
[SourceVersion "1"]
[SourceVersionDate "2018.11.04"]
[SourceQuality "1"]
[WhiteTeam "Nitra NSK"]
[BlackTeam "Batorove Kosihy"]
[WhiteTeamCountry "SVK"]
[BlackTeamCountry "SVK"]

1. e4 e5 2. Nf3 Nc6 3. Bb5 a6 4. Ba4 Nf6 5. d3 b5 6. Bb3 Bc5 7. Bg5 h6 8. Bh4 d6 9. c3 Bg4 10. h3 Be6 11. Bc2 d5 12. Nxe5 Nxe5 13. d4 Ng6 14. Bxf6 Qxf6 15. dxc5 Rd8 16. Nd2 0-0 17. Qf3 Qe5 18. 0-0-0 Nh4 19. Qg3 Qxg3 20. fxg3 Nxg2 21. Nf1 dxe4 22. Bxe4 Rxd1+ 23. Kxd1 Rd8+ 24. Ke2 Bc4+ 25. Kf2 Ne1 26. Kxe1 Re8 27. Nd2 Bd5 28. Kf2 Bxe4 29. Nxe4 Rxe4 30. Re1 Rxe1 31. Kxe1 f5 32. Ke2 g5 33. Ke3 Kf7 34. Kd4 Ke6 35. b3 c6 36. g4 f4 37. Ke4 a5 38. Kd4 a4 39. Ke4 f3 40. Kxf3 Kd5 41. Ke3 Kxc5 42. Ke4 a3 43. Ke5 b4 44. c4 Kb6 45. Kd6 Kb7 46. c5 1-0

[Event "SVK-chT2B 1718"]
[Site "Slovakia"]
[Date "2018.01.14"]
[Round "6.2"]
[White "Berek, Geza"]
[Black "Beres, Lukas"]
[Result "1/2-1/2"]
[WhiteElo "2224"]
[BlackElo "2067"]
[PlyCount "98"]
[EventDate "2017.10.28"]
[EventType "team-tourn"]
[EventRounds "11"]
[EventCountry "SVK"]
[SourceTitle "EXT 2019"]
[Source "ChessBase"]
[SourceDate "2018.10.10"]
[SourceVersion "1"]
[SourceVersionDate "2018.10.10"]
[SourceQuality "1"]
[WhiteTeam "Batorove Kosihy"]
[BlackTeam "Tlmace"]
[WhiteTeamCountry "SVK"]
[BlackTeamCountry "SVK"]

1. e4 c6 2. d4 d6 3. Nc3 Nd7 4. a4 e5 5. Nge2 Ngf6 6. g3 Be7 7. Bg2 0-0 8. h3 Qc7 9. Be3 Re8 10. 0-0 Nf8 11. Qd2 Ng6 12. Rad1 Bf8 13. Kh2 Be6 14. f4 Bc4 15. Rf2 Rad8 16. f5 exd4 17. Qxd4 Ne5 18. Kh1 d5 19. Bf4 Bxe2 20. Bxe5 Rxe5 21. Rxe2 c5 22. Qd2 d4 23. Nb5 Qb6 24. Na3 Qc7 25. Nc4 Ree8 26. e5 Nd5 27. Qg5 f6 28. Qh5 Ne3 29. Nxe3 Qxe5 30. Rde1 dxe3 31. Rxe3 Qxe3 32. Rxe3 Rxe3 33. Bxb7 Rd2 34. Bg2 Bd6 35. Qg4 Rd4 36. Qh5 Bxg3 37. Bf1 Re1 38. Kg2 Bd6 39. Kf2 Re5 40. Qf3 Rd2+ 41. Kg1 Re1 42. Qa8+ Kf7 43. Qxa7+ Ke8 44. Qa8+ Kd7 45. Qb7+ Bc7 46. a5 Rdd1 47. a6 Rxf1+ 48. Kg2 Rg1+ 49. Kf2 Rgf1+ 1/2-1/2

[Event "SVK-chT2B 1617"]
[Site "Slovakia"]
[Date "2017.03.12"]
[Round "11.2"]
[White "Beres, Lukas"]
[Black "Podoba, Milan"]
[Result "1/2-1/2"]
[WhiteElo "2066"]
[BlackElo "2038"]
[PlyCount "113"]
[EventDate "2016.10.08"]
[EventType "team-tourn"]
[EventRounds "11"]
[EventCountry "SVK"]
[SourceTitle "EXT 2018"]
[Source "ChessBase"]
[SourceDate "2017.10.13"]
[SourceVersion "1"]
[SourceVersionDate "2017.10.13"]
[SourceQuality "1"]
[WhiteTeam "Tlmace"]
[BlackTeam "Povazske Podhradie"]
[WhiteTeamCountry "SVK"]
[BlackTeamCountry "SVK"]

1. e4 e6 2. d4 d5 3. Nd2 c5 4. exd5 Qxd5 5. dxc5 Bxc5 6. Ngf3 Nf6 7. Bc4 Qd6 8. 0-0 Nc6 9. c3 0-0 10. Qe2 Qc7 11. Ne4 Be7 12. Bg5 Nd5 13. Rad1 Nf4 14. Qe3 Bxg5 15. Nexg5 h6 16. Ne4 Na5 17. Bb3 Nxb3 18. axb3 b6 19. Nd6 Ng6 20. Rd4 Ba6 21. Rfd1 Rad8 22. h4 Ne7 23. Qc1 Be2 24. R1d2 Bxf3 25. gxf3 Nc6 26. Nb5 Qe7 27. Re4 Rxd2 28. Qxd2 Rd8 29. Nd4 Qc5 30. b4 Nxd4 31. Kg2 Qc7 32. Rxd4 Rxd4 33. Qxd4 Kf8 34. c4 f6 35. b5 Ke7 36. b4 Qd6 37. Qc3 Kd7 38. c5 Qd5 39. Qa3 Kc7 40. Qxa7+ Qb7 41. Qxb7+ Kxb7 42. c6+ Kc7 43. f4 h5 44. f5 exf5 45. f4 Kd6 46. Kf3 Kc7 47. Ke3 Kd6 48. Kd4 Ke6 49. c7 Kd7 50. Kd5 Kxc7 51. Ke6 g5 52. hxg5 fxg5 53. fxg5 f4 54. g6 f3 55. g7 f2 56. g8Q f1Q 57. Qh7+ 1/2-1/2

[Event "SVK-chT2B 1415"]
[Site "Slovakia"]
[Date "2015.02.15"]
[Round "9.4"]
[White "Beres, Lukas"]
[Black "Foldesi, Marek"]
[Result "1-0"]
[WhiteElo "1997"]
[BlackElo "2063"]
[PlyCount "87"]
[EventDate "2014.10.11"]
[EventType "team-tourn"]
[EventRounds "11"]
[EventCountry "SVK"]
[SourceTitle "EXT 2019"]
[Source "ChessBase"]
[SourceDate "2018.10.10"]
[SourceVersion "1"]
[SourceVersionDate "2018.10.10"]
[SourceQuality "1"]
[WhiteTeam "Tlmace SK"]
[BlackTeam "Topolcianky SK"]
[WhiteTeamCountry "SVK"]
[BlackTeamCountry "SVK"]

1. e4 e5 2. Nf3 Nc6 3. Bb5 a6 4. Ba4 Nf6 5. d3 b5 6. Bb3 Bc5 7. c3 d6 8. 0-0 Bg4 9. Nbd2 0-0 10. Re1 Qd7 11. Nf1 h6 12. a4 Rab8 13. axb5 axb5 14. h3 Be6 15. Be3 Bxb3 16. Qxb3 Bxe3 17. Nxe3 Ne7 18. Ra7 Ng6 19. Qc2 Qc6 20. Nf5 Kh7 21. h4 Ra8 22. Rxa8 Rxa8 23. Qb3 Qd7 24. Ng3 c6 25. d4 Ng4 26. Rd1 Qa7 27. Nf5 Rd8 28. g3 d5 29. exd5 Rxd5 30. Qc2 Kh8 31. Re1 Ne7 32. Kg2 g6 33. Nxe7 Qxe7 34. Nxe5 Nxe5 35. f4 Qd7 36. fxe5 c5 37. e6 fxe6 38. Qxg6 Qg7 39. Qxe6 Rd8 40. d5 b4 41. Rf1 bxc3 42. bxc3 Qxc3 43. Qxh6+ Kg8 44. Qg5+ 1-0

[Event "SVK-chT2B 1415"]
[Site "Slovakia"]
[Date "2014.11.08"]
[Round "3.6"]
[White "Cvicela, Anton"]
[Black "Beres, Lukas"]
[Result "1/2-1/2"]
[WhiteElo "2200"]
[BlackElo "1997"]
[PlyCount "63"]
[EventDate "2014.10.11"]
[EventType "team-tourn"]
[EventRounds "11"]
[EventCountry "SVK"]
[SourceTitle "EXT 2019"]
[Source "ChessBase"]
[SourceDate "2018.10.10"]
[SourceVersion "1"]
[SourceVersionDate "2018.10.10"]
[SourceQuality "1"]
[WhiteTeam "Surany Lokomotiva"]
[BlackTeam "Tlmace SK"]
[WhiteTeamCountry "SVK"]
[BlackTeamCountry "SVK"]

1. e4 d6 2. d4 Nf6 3. Nc3 g6 4. Bg5 Bg7 5. f4 c6 6. Bd3 Qa5 7. Qd2 e5 8. dxe5 dxe5 9. f5 h6 10. fxg6 fxg6 11. Bh4 Be6 12. Nf3 Nbd7 13. 0-0 0-0 14. Rad1 Rae8 15. Kh1 Nh5 16. Qe3 Nf4 17. Nd2 b5 18. Nb3 Qc7 19. Nc5 Bg4 20. Nxd7 Qxd7 21. Bc4+ Nd5 22. Bb3 Bxd1 23. Rxd1 b4 24. Ne2 Qg4 25. Bf2 Rxf2 26. Qxf2 Qxe4 27. Ng3 Qf4 28. Qc5 Kh7 29. Qxc6 Nf6 30. Rf1 Qg5 31. Ne4 Nxe4 32. Qxe8 1/2-1/2

[Event "SVK-chT2B 1415"]
[Site "Slovakia"]
[Date "2014.10.11"]
[Round "1.2"]
[White "Kukucka, Matej"]
[Black "Beres, Lukas"]
[Result "1/2-1/2"]
[WhiteElo "2073"]
[BlackElo "1997"]
[PlyCount "187"]
[EventDate "2014.10.11"]
[EventType "team-tourn"]
[EventRounds "11"]
[EventCountry "SVK"]
[SourceTitle "EXT 2019"]
[Source "ChessBase"]
[SourceDate "2018.10.10"]
[SourceVersion "1"]
[SourceVersionDate "2018.10.10"]
[SourceQuality "1"]
[WhiteTeam "Povazske Podhradie SK"]
[BlackTeam "Tlmace SK"]
[WhiteTeamCountry "SVK"]
[BlackTeamCountry "SVK"]

1. d4 Nf6 2. c4 g6 3. Nc3 Bg7 4. e4 d6 5. h3 c6 6. Nf3 0-0 7. Bg5 Nbd7 8. Be2 e5 9. d5 Qc7 10. Nd2 Re8 11. g4 a5 12. h4 Nc5 13. Rg1 a4 14. a3 Qa5 15. Qc2 Bd7 16. Be3 cxd5 17. cxd5 Rec8 18. g5 Ne8 19. Bg4 Bxg4 20. Rxg4 Qa6 21. Bxc5 Rxc5 22. Rg3 b5 23. Qd3 Rac8 24. Rg1 Qa5 25. Rg3 Bf8 26. Kf1 Ng7 27. Rf3 Nh5 28. Qb1 Qa6 29. Kg1 Nf4 30. Qa2 Qb7 31. Re1 Qd7 32. Rg3 f6 33. Ree3 fxg5 34. hxg5 h6 35. gxh6 Bxh6 36. Nf1 Kg7 37. Qb1 Nh5 38. Qd1 Nxg3 39. Rxg3 Bf4 40. Rg4 Kf6 41. Qf3 Rh8 42. Rxf4+ exf4 43. e5+ Kg7 44. e6 Qe7 45. Qxf4 Rxc3 46. bxc3 Rf8 47. Qd4+ Qf6 48. Qa7+ Kg8 49. Ng3 Qxc3 50. Qb6 Qe5 51. Qxb5 Qe1+ 52. Qf1 Qd2 53. Ne4 Qxd5 54. e7 Qxe4 55. exf8Q+ Kxf8 56. Qd1 Ke7 57. f3 Qe3+ 58. Kg2 Qxa3 59. Qe2+ Kf6 60. Qe8 Qa2+ 61. Kg3 Qc4 62. Qh8+ Kf5 63. Qf8+ Ke5 64. Qg7+ Kf5 65. Qf8+ Ke5 66. Qg7+ Kd5 67. Qxg6 a3 68. Qf7+ Kd4 69. Qa7+ Qc5 70. Qa4+ Kc3 71. Qd1 Qg5+ 72. Kh3 Qd2 73. Qa4 a2 74. Qa3+ Kc4 75. Qa4+ Kd5 76. Qa8+ Kd4 77. Qa3 Qh6+ 78. Kg2 Qg6+ 79. Kh3 Qb1 80. Qxd6+ Ke3 81. Qc5+ Ke2 82. Qc4+ Kf2 83. Qd4+ Ke1 84. Qc3+ Kf1 85. Qc4+ Kg1 86. Qg4+ Kf2 87. Qd4+ Kxf3 88. Qg4+ Ke3 89. Qg5+ Kd4 90. Qf6+ Kc5 91. Qf8+ Kc4 92. Qf4+ Kc3 93. Qe5+ Kb3 94. Qb5+ 1/2-1/2

[Event "SVK-chT2B 1314"]
[Site "Slovakia"]
[Date "2014.02.01"]
[Round "7.2"]
[White "Beres, Lukas"]
[Black "Dvoranova, Maria"]
[Result "0-1"]
[WhiteElo "1989"]
[BlackElo "2019"]
[PlyCount "57"]
[EventDate "2013.10.19"]
[EventType "team-tourn"]
[EventRounds "11"]
[EventCountry "SVK"]
[SourceTitle "EXT 2015"]
[Source "ChessBase"]
[SourceDate "2014.11.20"]
[SourceVersion "1"]
[SourceVersionDate "2014.11.20"]
[SourceQuality "1"]
[WhiteTeam "Tlmace"]
[BlackTeam "Surany"]
[WhiteTeamCountry "SVK"]
[BlackTeamCountry "SVK"]

1. e4 e6 2. d4 d5 3. Nd2 b6 4. c3 Bb7 5. e5 c5 6. Bd3 Nc6 7. Ne2 Qc7 8. Nf3 cxd4 9. cxd4 Nb4 10. Bb1 Rc8 11. Nc3 Ba6 12. a3 Nc6 13. Bd3 Bxd3 14. Qxd3 Na5 15. 0-0 Qc4 16. Qd1 Nb3 17. Rb1 Ne7 18. Be3 Nf5 19. g4 Nxe3 20. fxe3 Be7 21. Qc2 b5 22. Nd2 Nxd2 23. Qxd2 0-0 24. Rbc1 Qb3 25. e4 a6 26. Qe2 Bg5 27. Rcd1 dxe4 28. d5 exd5 29. Rxd5 0-1

[Event "SVK-chT2B 1314"]
[Site "Slovakia"]
[Date "2013.11.24"]
[Round "4.4"]
[White "Gombar, Peter"]
[Black "Beres, Lukas"]
[Result "1/2-1/2"]
[WhiteElo "1972"]
[BlackElo "1989"]
[PlyCount "28"]
[EventDate "2013.10.19"]
[EventType "team-tourn"]
[EventRounds "11"]
[EventCountry "SVK"]
[SourceTitle "EXT 2015"]
[Source "ChessBase"]
[SourceDate "2014.11.20"]
[SourceVersion "1"]
[SourceVersionDate "2014.11.20"]
[SourceQuality "1"]
[WhiteTeam "Povazska Bystrica III"]
[BlackTeam "Tlmace"]
[WhiteTeamCountry "SVK"]
[BlackTeamCountry "SVK"]

1. e4 d6 2. d4 Nf6 3. Nc3 g6 4. Be3 c6 5. f3 Qc7 6. Qd2 Nbd7 7. Bh6 Bxh6 8. Qxh6 b5 9. Bd3 b4 10. Nce2 c5 11. c3 bxc3 12. bxc3 Rb8 13. Nh3 cxd4 14. cxd4 Ba6 1/2-1/2

[Event "SVK-chT2B 1213"]
[Site "Slovakia"]
[Date "2012.12.16"]
[Round "6.4"]
[White "Beres, Lukas"]
[Black "Solovic, Rastislav"]
[Result "0-1"]
[WhiteElo "2048"]
[BlackElo "1831"]
[PlyCount "54"]
[EventDate "2012.10.13"]
[EventType "team-tourn"]
[EventRounds "11"]
[EventCountry "SVK"]
[SourceTitle "EXT 2015"]
[Source "ChessBase"]
[SourceDate "2014.11.20"]
[SourceVersion "1"]
[SourceVersionDate "2014.11.20"]
[SourceQuality "1"]
[WhiteTeam "Tlmace"]
[BlackTeam "Myjava Spartak"]
[WhiteTeamCountry "SVK"]
[BlackTeamCountry "SVK"]

1. e4 e5 2. Nf3 Nf6 3. Nxe5 d6 4. Nf3 Nxe4 5. d4 d5 6. Bf4 Bd6 7. Ne5 0-0 8. Nd2 Nc6 9. Nxe4 dxe4 10. Bc4 Qf6 11. Nxc6 Qxf4 12. Ne5 Bxe5 13. dxe5 Bg4 14. Qd4 Rad8 15. Qc3 Rfe8 16. 0-0 Qxe5 17. Qb3 Bh5 18. Qxb7 Qc5 19. Bb3 Rd2 20. Ba4 Red8 21. Qxe4 Bg6 22. Qf3 Qd4 23. Bb3 Qxb2 24. Rae1 Qd4 25. Re7 Rd1 26. Rxc7 Rxf1+ 27. Kxf1 Qa1+ 0-1